00647nam a2200229 a 4500001001300000003000900013005001700022008004100039020002200080082001600102100001500118245003600133260004900169300000900218500003500227505001700262650001000279902000800289942000700297952009600304999001700400nice12345678IN_TiNIC20260116013909.0050524s1983 newa grp 000 0 eng  a8123792 c4200a954.02bBIR aBiruni, Al aIndiab the Land and the People aNew DelhibNational Book Trust, India c1983 a306p aincludes index and biblioraphy2 aBibliography aIndia bSRS cBK 00104070aHMIbHMId2007-04-03g42.00l0o954.02 BIRp015843r2007-04-03w2026-01-16yEB c13009d13009